| 000 | 01189cac a2200373 i 4500 | ||
|---|---|---|---|
| 003 | EG-GICUC | ||
| 005 | 20260121101532.0 | ||
| 008 | 051202s2005 mnu fr 001 0 eng d | ||
| 020 | _a0314160256 | ||
| 020 | _a9780314160256 | ||
| 040 |
_aDLC _cDLC _dDLC _dEG-GICUC _beng _erda |
||
| 043 | _an-us--- | ||
| 050 | 0 | 0 |
_aKF9218 _b.C76 2005 |
| 082 | 0 | 0 |
_a343.1073 _221 |
| 092 | 0 | 4 | _221 |
| 099 | _aLaw 10 2005 | ||
| 245 | 0 | 0 |
_aCriminal law : _bcases, materials & problems / _cby Russell L. Weaver ... [et al.]. |
| 250 | _a2nd edition. | ||
| 264 |
_aSt. Paul, MN : _bThomson/West, _c2005. |
||
| 300 |
_axxix, 626 page ; _c26 cm. |
||
| 336 |
_atext _btxt _2rdacontent |
||
| 337 |
_aunmediated _bn _2rdamedia |
||
| 338 |
_avolume _bnc _2rdacarrier |
||
| 440 | 0 | _aAmerican casebook series | |
| 500 | _aIncludes index. | ||
| 500 | _aAccompanied by: Teacher's manual, 2006. | ||
| 525 | _aKept up to date by supplements. | ||
| 650 | 0 |
_aCriminal law _zUnited States _vCases. |
|
| 650 | 0 |
_aCriminal procedure _zUnited States _vCases. |
|
| 700 | 1 |
_aWeaver, Russell L., _d1952- |
|
| 856 | 4 | 0 | _uhttps://fll.law.cu.edu.eg/fulltext/bks/ENGB10-00074.pdf |
| 905 | _a10 | ||
| 942 |
_2ddc _cBK _e21 _n0 |
||
| 999 |
_c52145 _d52145 |
||